El honorable /

Պահպանված է:
Մատենագիտական մանրամասներ
Հիմնական հեղինակ: Sciascia, Leonardo (autor)
Այլ հեղինակներ: Campbell, Federico (traducción) (traducción)
Ձևաչափ: Գիրք
Լեզու:իսպաներեն
Հրապարակվել է: México : El Milagro, 1995, c1995
Շարք:(Teatro)
Խորագրեր:
Ցուցիչներ: Ավելացրեք ցուցիչ
Չկան պիտակներ, Եղեք առաջինը, ով նշում է այս գրառումը!

MARC

LEADER 00000nam^a2200000^a^4500
001 000062074
005 20250521000000.0
009 20260310090936.611
020 |a 968-6773-26-6 
037 |a Acervo ITESO - Biblioteca 
041 |a ESP 
082 |a 852.  |b SCI 
100 |a Sciascia, Leonardo  |e (autor) 
245 1 3 |a El honorable /  |c L. Sciascia ; tr. por F. Campbell. 
264 4 |a México :  |b El Milagro,  |c 1995, c1995 
300 |a 87 p. 
336 |a texto  |b txt  |2 rdacontenido 
337 |a sin mediación  |b n  |2 rdamedio 
338 |a volumen  |b nc  |2 rdasoporte 
440 1 |a (Teatro) 
500 |a Traducción de: L'Onorevole 
649 |a XX 
650 |a Mafia en la Literatura 
650 |a Mafia -  |z Italia -  |x Tema Principal 
650 |a Diputados en la Literatura 
650 |a Diputados Italianos -  |x Condiciones Políticas 
650 |a Legisladores en la Literatura 
650 |a Legisladores Italianos -  |x Condiciones Políticas 
650 |a Políticos en la Literatura 
650 |a Políticos Italianos -  |x Condiciones Políticas 
650 |a Comedia Italiana 
650 |a Teatro Político -  |z Italia 
650 |a Teatro Italiano 
650 |a Literatura y Política -  |z Italia 
650 |a Literatura Italiana -  |y Siglo XX 
650 |a Corrupción -  |z Italia -  |x Historia -  |y República, 1946 en Adelante -  |x Tema Principal 
650 |a Corrupción -  |z Italia -  |x Historia -  |y Siglo XX 
700 |a Campbell, Federico  |e (traducción) 
910 |a Fondo General 
920 |a Impresos - Libros 
930 |a Colección General 
940 |a Literatura 
905 |a 101 
901 |a 0500014147  |b IT1  |c LIT  |u 20250521 
902 |a https://opac.biblio.iteso.mx/vufind/Record/000062074